|
|
|
|
| LEADER |
01596nam a2200265 a 4500 |
| 001 |
30620 |
| 008 |
151202s2000 bg 00 0 ben d |
| 040 |
|
|
|a BD-DhAAL
|c BD-DhAAL
|
| 041 |
|
|
|a BEN
|
| 082 |
0 |
0 |
|a 307.1412095492
|2 22
|
| 245 |
1 |
0 |
|a নির্যাস :
|b ব্র্যাকের গবেষণা তথ্যবিচিত্রা.
|n খন্ড ৮ /
|c প্রধান সম্পাদক, আহমদ মোশতাক রাজা চৌধুরী , সম্পাদক হাসান শরীফ আহমেদ.
|
| 260 |
|
|
|a ঢাকা :
|b গবেষণা ও মূল্যায়ন বিভাগ, ব্র্যাক,
|c ২০০০
|
| 300 |
|
|
|a ৭০ পৃ. ;
|c ২২ সে.মি.
|
| 500 |
|
|
|a ১৯৯৭ এর নির্বাচিত কতিপয় গবেষণা রিপোর্টের সার-সংক্ষেপ
|
| 541 |
1 |
|
|e 30620
|
| 610 |
|
0 |
|a BRAC
|9 16811
|
| 610 |
|
0 |
|a RED
|x Research
|9 16812
|
| 650 |
|
0 |
|a Rural Development
|z Bangladesh
|9 16813
|
| 700 |
1 |
|
|a চৌধুরী, আহমদ মোশতাক রাজা
|9 16814
|
| 700 |
1 |
|
|a আহমেদ, হাসান শরীফ
|9 16815
|
| 852 |
1 |
|
|a Ayesha Abed Library
|j General shelf
|
| 942 |
|
|
|2 ddc
|c BK
|
| 999 |
|
|
|c 36390
|d 36390
|
| 952 |
|
|
|0 0
|1 0
|2 ddc
|4 0
|6 307_141209549200000_NIR
|7 0
|9 57230
|a BRACUL
|b BRACUL
|c GEN
|d 2015-12-02
|l 0
|o 307.1412095492 NIR
|p 3010030620
|r 2015-12-13
|t 1
|w 2015-12-02
|y BK
|
| 952 |
|
|
|0 0
|1 0
|2 ddc
|4 0
|6 307_141209549200000_NIR
|7 0
|9 57231
|a BRACUL
|b BRACUL
|c GEN
|d 2015-12-02
|l 0
|o 307.1412095492 NIR
|p 3010030621
|r 2015-12-13
|t 1
|w 2015-12-02
|y BK
|